1206 1916 1776 1189 1990 1439 1607 1682 1833 1446 1269 1210 1151 1949 1740 1628 1014 1252 1338 1829 1337 1094 1661 1014 1794 1969 1266 1969 1093 1733 1437 1778 1905 1241 1472 1571 1337 1753 1441 1491 1228 1297 1638 1913 1181 1563 1006 1069 1371 1154 1380 1651 1390 1715 1170 1065 1666 1895 1628 1033 1451 1428 1938 1368 1809 1150 1247 1907 1205 1469 1829 1776 1897 1797 1476 1335 1427 1384 1261 1672 1275 1259 1625 1161 1789 1206 1163 1111 1652 1586 1739 1054 1684 1530 1192 1014 1025 1991 1440 BCNSPRNW ULIB Ver.6.0+V

เปลี่ยนเป็นภาษาไทย

Change to English
 แสดงรายละเอียดบรรณานุกรม
  กลับหน้าหลัก

Brief Record : Get Marc (ISO 2709) : E-mail record : QR code < ปิดหน้าต่าง
LEADER : 00000nam 2200000uu 4500
001    13399120106
003     ULIB
008    120830s2543||||th 000 0 tha d
020    ^a9742935408
060  4 ^aWY105^bม121ร
100 0  ^aมณฑาทิพย์ ไชยศักดิ์
245 10 ^aระเบียบวิธีการสอนการพยาบาลในคลินิก /^cมณฑาทิพย์ ไชยศักดิ์
250    ^aพิมพ์ครั้งที่ 1
260    ^aนนทบุรี :^bโครงการสวัสดิการวิชาการ สถาบันพระบรมราชชนก,^c2543
300    ^a102 หน้า
650  7 ^aการพยาบาล^xการศึกษาและการสอน
710 2  ^aสถาบันพระบรมราชชนก.^bโครงการสวัสดิการวิชาการ
945    ^p100^l0^i19384
945    ^p100^l0^i19385
995    ^aทศพร
999    ^aทศพร เกษรทอง
รายการนี้ยังไม่มีแท็ก
คุณยังไม่ได้ล็อกอิน คุณสามารถมีกิจกรรมร่วมกับเว็บไซต์ได้ แต่ต้องล็อกอินก่อน ::
  ล็อกอิน

รายการสื่อสารสนเทศ

ลำดับที่ ประเภท เลขเรียก/บาร์โค้ด สถานที่ สถานะ
1. วิทยาศาสตร์การแพทย์ และสุขภาพ
วิทยาศาสตร์การแพทย์ และสุขภาพ
สถานะ=หนังสือเก่า
WY105 ม121ร ฉ.2 
  Barcode: 19385
ห้องสมุดวิทยาเขตสวรรค์ประชารักษ์
►หนังสือทั่วไป
ถูกยืม กำหนดส่งวันที่ 4 กรกฎาคม 2568
  จอง

รายการใกล้เคียง
    ผู้แต่ง [มณฑาทิพย์ ไชยศักดิ์]

BibComment


ยังไม่เคยถูกคอมเมนท์

คอมเมนท์ทรัพยากรรายการนี้
  คอมเมนท์: ระเบียบวิธีการสอ..


 Copyright 2026. Bcnsprnw @Library